| 000 | 00000nam 2200000zi 4500 |
| 001 | 9.941377 |
| 003 | CaOODSP |
| 005 | 20250123130103 |
| 006 | m o d f |
| 007 | cr mn||||||||| |
| 008 | 240801t20242024qucab obs f000 0 eng d |
| 020 | |a9780660729992 |
| 040 | |aCaOODSP|beng|erda|cCaOODSP |
| 043 | |an-cn--- |
| 045 | |ay1y2 |
| 086 | 1 |aCW66-1536/2024E-PDF |
| 245 | 00|aStatus report on protected and conserved areas 2016-2020. |
| 250 | |a[4th edition]. |
| 264 | 1|aGatineau, Quebec : |bEnvironment and Climate Change Canada = Environnement et changement climatique Canada, |c[2024] |
| 264 | 4|c©2024 |
| 300 | |a1 online resource (131 pages) : |bcolour illustrations, colour maps |
| 336 | |atext|btxt|2rdacontent |
| 337 | |acomputer|bc|2rdamedia |
| 338 | |aonline resource|bcr|2rdacarrier |
| 500 | |aIssued also in French under title: Rapport sur la situation des aires protégées et de conservation 2016-2020. |
| 500 | |a"EC24038"--Page [2]. |
| 504 | |aIncludes bibliographical references. |
| 520 | |a"This Canadian Protected Areas Status Report is the fourth in a series of reports that provides a detailed overview of the extent and growth of Canada's terrestrial and marine protected and conserved areas network. The Canadian Protected Areas Status Report provides a benchmark to assess the progress and trends in area-based conservation in Canada. This report is the fourth in the series and covers the period from January 1, 2016, to December 31, 2020. The previous edition of this report covered a 4-year period from January 1, 2012, to December 31, 2015, and the first two editions covered a 6-year period from January 1, 2000, to December 31, 2005, and from January 1, 2006, to December 31, 2011, respectively. This report summarizes the actions undertaken by Crown governments, Indigenous people, land trust organizations, and others to protect important ecosystems, conserve biodiversity, safeguard the services provided by ecosystems, plan and manage areas effectively, and improve the connectivity between conserved areas. The scope of this report includesCanada's protected and conserved areas network as a whole and at the federal, provincial, and territorial levels"--About the report, page 5. |
| 650 | 0|aProtected areas|zCanada. |
| 650 | 0|aProtected areas|zCanada|vStatistics. |
| 655 | 7|aStatistics|2lcgft |
| 710 | 1 |aCanada. |bEnvironment and Climate Change Canada, |eissuing body. |
| 775 | 08|tRapport sur la situation des aires protégées et de conservation 2016-2020.|w(CaOODSP)9.941378 |
| 795 | |tCanadian protected areas status report 2012-2015 |w(CaOODSP)9.820957 |
| 856 | 40|qPDF|s4.10 MB|uhttps://publications.gc.ca/collections/collection_2025/eccc/cw66/CW66-1536-2024-eng.pdf |
| 986 | |aEC24038 |